000 00671nam a2200265Ia 4500
005 20260302120021.0
008 008 260114s9999 xx 000 0 eng d
020 _a9798216001331
037 _aTextbook
040 _aCRL
040 _beng
040 _cCRL
041 _2eng
041 _aeng
084 _qCRL
100 _aMichael O'Hear
_91123370
245 0 _aPrisons and Punishment in America Examining the Facts
260 _bABC-CLIO
260 _bBloomsbury
260 _c2018
650 _aLaw
856 _uhttps://doi.org/10.5040/9798216001331?locatt=label:secondary_bloomsburyCollections
942 _cEBOOK
999 _c1688270
_d1688270